000 01250nam a22003731i 4500
001 bslw10067304
005 20240305165654.0
006 m o d
007 cr un ---uuuua
008 230711s2018 ck ob 000 0 spa d
020 _a9789587716443
020 _a9789587716450
_q(eISBN)
035 _a38673
040 _aUtOrBLW
_beng
_erda
_cUtOrBLW
050 4 _aLB14.7
_b.B43 2018
082 0 4 _a370.1
_223
100 1 _aBedoya M., Iván,
_eauthor.
245 1 0 _aEpistemología y pedagogía paradigmas de la pedagogía en la educación /
_cJosé Iván Bedoya.
250 _aSéptima edición.
264 1 _aBogotá, Colombia :
_bEcoe Ediciones,
_c2018.
300 _a1 online resource (ix, 208 pages)
336 _atext
_btxt
_2rdacontent
337 _acomputer
_bc
_2rdamedia
338 _aonline resource
_bcr
_2rdacarrier
490 1 _aColección Educación y pedagogía. Área pedagogía
504 _aIncludes bibliographical references.
650 0 _aEducation.
650 0 _aEducational psychology.
650 0 _aEducation
_xPhilosophy.
650 0 _aKnowledge, Theory of.
830 0 _aColección Educación y pedagogía.
_pÁrea pedagogía.
856 4 0 _uhttps://app.vlex.com/#/sources/38673
942 _cRAA
999 _c172979
_d172979